00643nam a2200193Ia 4500003000900000008004100009020001900050040001600069080001300085100002100098245013700119260003100256300001300287490004500300650004100345650002500386650001200411700002600423IN-BaIIA211028s9999 xx 000 0 eng d a0-85-274-282-7 cIIA Library a533bMAN aManheimer, W. M. 0aMHD and microinstabilities in confined plasmac W. M. Manheimer and C. N. Lashmore-Davies  aBristolbAdam Hilgerc1989 ax, 294p. aThe Adam Hilger series on plasma physics aAstronomy and astrophysics thesaurus aMagnetohydrodynamics aPlasmas aLashmore-Davies, C. N